[Event "American Continental 2nd"]
[Site "Buenos Aires"]
[Date "2003.08.22"]
[Round "5"]
[White "Morovic Fernandez, Ivan"]
[Black "Granda Zuniga, Julio E"]
[Result "1/2-1/2"]
[WhiteElo "2573"]
[BlackElo "2641"]
[Annotator "Huzman,A"]
[PlyCount "45"]
[EventDate "2003.08.17"]
[EventType "swiss"]
[EventRounds "11"]
[EventCountry "ARG"]
[SourceTitle "CBM 097"]
[Source "ChessBase"]
[SourceDate "2003.11.11"]
[SourceVersion "1"]
[SourceVersionDate "2003.11.11"]
[SourceQuality "1"]

1. d4 d5 (1... Nf6 2. c4 e6 3. Nc3 d5 4. Nf3 a6 5. e3 Be7 6. Bd3 dxc4 7. Bxc4
b5 8. Bd3 Bb7 9. O-O O-O 10. a3 c5 11. Qe2 Nbd7 12. Rd1 Qc7 13. e4 (13. Bd2
Rfd8 14. Rac1 Qb6 15. Bb1 Rac8 16. Be1 Qa7 17. Ne5 Qa8 18. f3 Nxe5 19. dxe5 Nd7
20. Bg3 Nb6 21. Ne4 Nc4 22. Nd6 Bxd6 23. exd6 e5 24. b3 Nxd6 25. Bxe5 $16 {
1/2-1/2 Schulz,K-Dahm,J/Ruhrgebiet 1997/EXT 2002 (43)}) 13... cxd4 14. Nxd4 Bc5
15. Be3 Ne5 16. b4 Neg4 17. g3 Nxe3 18. Qxe3 Ng4 19. Nxe6 Bxe3 20. Nxc7 Bxf2+
21. Kf1 Rac8 $17 {0-1 Nagy Dani,K-Kovacs,A/Szeged 1998/CBM 67 ext (38)}) 2. c4
dxc4 3. Nf3 a6 4. e3 Nf6 5. Bxc4 e6 6. Qe2 Be7 7. O-O O-O 8. Rd1 {To my
opinion only seizure of the centre was the real chance to fight for advantage.}
(8. e4 $5 b5 9. Bd3 Bb7 10. Rd1 Nbd7 11. Nc3 c5 12. dxc5 Bxc5 (12... Nxc5 13.
Bxb5 Qc7 14. Bd3 $16) 13. e5 (13. h3 b4 14. Na4 Qa5 15. b3 Bd6 16. Bb2 Rfd8)
13... Ng4 14. Ne4 (14. Bxh7+ Kh8 15. Be4 Nxf2 16. Nd4 $13) 14... Bb6 15. Bf4
$36) 8... Nbd7 9. a3 $6 (9. e4 $1) 9... b5 10. Bd3 Bb7 11. Nc3 (11. b4 Ne4 (
11... a5 12. bxa5 $16) (11... Nb6 12. Nc3 Nbd5 13. Bb2 Nxc3 14. Bxc3 Ne4 15.
Rdc1 $14) 12. Bb2 (12. Qc2 f5 (12... Ndf6 13. Ne5 $16 {[%cal Ge5c6,Gf2f3]}) 13.
Ne5 (13. Nbd2 Nxd2 14. Bxd2 (14. Nxd2 Bd6 $36 {[%cal Yb7g2,Yd6h2]}) 14... Bxf3
15. gxf3 Bd6 $13) 13... Bh4 $1 (13... Nxe5 14. dxe5 Qc8 15. f3 Ng5 16. Nd2 c5
17. bxc5 Bxc5 $132) 14. g3 Bf6 $36 {[%cal Yb7h1]}) 12... f5 13. Nbd2 Bd5 14.
Rdc1 Bd6 $132) 11... c5 $11 12. dxc5 Bxc5 13. b4 (13. Ng5 Rc8 14. Nxh7 Nxh7 15.
Bxh7+ Kxh7 16. Qd3+ Kg8 17. Qxd7 Qb6 $44) 13... Be7 14. Bb2 Qb8 15. Ne4 Nxe4
16. Bxe4 Bxe4 17. Rxd7 Qe8 (17... Ra7 18. Be5 Qa8 19. Rxa7 Qxa7 20. Rc1 $36 {
[%cal Gc1c7]}) 18. Rd4 Bxf3 (18... Bb7 19. Ne5 f6 20. Nd7 Rf7 21. Rad1 $14) 19.
Qxf3 Rc8 20. Rd2 (20. Rad1 Rc2 21. R4d2 Rxd2 22. Rxd2 Qc8 23. Qg4 f6 $11) 20...
Qc6 21. Qg4 f6 22. h3 Rfd8 23. Rxd8+ 1/2-1/2

[Event "Beijing zt 3.3"]
[Site "Beijing"]
[Date "2005.10.23"]
[Round "5"]
[White "Bu, Xiangzhi"]
[Black "Wang, Hao"]
[Result "1/2-1/2"]
[WhiteElo "2637"]
[BlackElo "2519"]
[Annotator "Huzman,A"]
[PlyCount "63"]
[EventDate "2005.10.20"]
[EventType "tourn"]
[EventRounds "9"]
[EventCountry "CHN"]
[EventCategory "10"]
[SourceTitle "CBM 110"]
[Source "ChessBase"]
[SourceDate "2006.01.31"]
[SourceVersion "1"]
[SourceVersionDate "2006.01.31"]
[SourceQuality "1"]

1. Nf3 d5 2. c4 dxc4 3. e3 Nf6 4. Bxc4 e6 5. d4 c5 6. Qe2 a6 7. dxc5 Bxc5 8.
O-O O-O 9. e4 b5 10. Bd3 Be7 (10... Nc6 11. Nbd2 (11. Bg5 Be7 (11... Nb4) 12.
Rd1 Qb6 13. e5 Nd5 14. a3 Rd8 15. Bxe7 Ncxe7 $11 {0-1 Hahn,K-Richter,S/corr
1983 (24)}) (11. e5 Nb4 12. Bc2 (12. Rd1 Nxd3 13. Rxd3 (13. exf6 Nxc1 14. Rxc1
Qb6 15. fxg7 Rd8 16. Nc3 Bb7 17. Ng5 Be7 18. Qh5 Bxg5 19. Qxg5 Rd7 20. Rd1 Rad8
$44 {0-1 Dal Borgo,A-Tiggelman,R/Belgium 2003/EXT 2004 (48)}) 13... Nd5 14. Ng5
h6 15. Ne4 Qc7 16. Nbc3 Be7 {1/2-1/2 Abramovic,B-Gheoghe,C/Sozina op 2004 (16)}
) 12... Nxc2 (12... Nfd5 13. Bxh7+ Kxh7 14. Ng5+ Kg6 15. a3 $16 {1-0
Gaprindashvili,V-Afonin,A/Moscow 1998/EXT 2000 (66)}) 13. Qxc2 Nd7 14. Ng5 g6
15. Qe4 Qc7 16. Re1 Bb7 17. Qh4 h5 18. Qg3 Rac8 19. Bf4 Bd4 20. Nd2 Qc2 $132 {
1-0 Brilla Banfalvi,S-Brglez,F/corr Vidmar mem. 1995 (32)}) 11... e5 12. Nb3
Ba7 13. Be3 Be6 14. Bxa7 Rxa7 15. Nc5 Bg4 16. Nb3 {1/2-1/2 Shipov,S-Luther,T/
Cappelle la Grande 1998/CBM 63 ext (16)}) (10... Bb7 11. e5 Bxf3 12. Qxf3 Nd5
13. Nc3 (13. Nd2 Nd7 14. Qh3 g6 15. Nf3 Re8 16. Ng5 $36 {1/2-1/2 Sorokin,
M-Egorov,E/Perm 1997/CBM 58 (41)}) 13... Nc6 14. Nxd5 (14. Qh3 g6 15. Ne4 Be7
16. Bh6 Nxe5 17. Bxf8 Bxf8 18. f4 Nxd3 19. Qxd3 Bg7 $11 {0-1 Lisko,F-Motuz,K/
Slovakia 2001/EXT 2003 (42)}) 14... Qxd5 (14... Nxe5 $11) 15. Be4 {1-0 Marzolo,
C-Savoya,A/Lyon rapid 1999 (15)}) (10... Nbd7 11. e5 Nd5 12. Bxh7+ Kxh7 13.
Ng5+ Kg8 14. Qe4 g6 15. Qh4 N5f6 16. exf6 Nxf6 17. Nc3 $16 {1-0 Baburin,
A-O'Cinneide,M/Cork congress 1995 (36)}) (10... e5 11. a4 bxa4 (11... b4 12.
Nbd2 Nc6 13. Nb3 Bb6 14. a5 Ba7 15. Bc4 Bb7 16. Bg5 $16 {1-0 Patino Andreu,
J-Constantino,G/Lalin 2000/EXT 2001 (24)}) (11... Bb7 12. axb5 axb5 13. Rxa8
Bxa8 14. Bg5 b4 {1/2-1/2 Malich,B-Tukmakov,V/Leipzig 1975/MCL (14)}) 12. Nxe5
Re8 13. Bf4 Bd6 14. Nxf7 {[#]} Kxf7 15. Bc4+ Kf8 16. Rd1 Bg4 17. Bxd6+ Qxd6 18.
Rxd6 Bxe2 19. Bxe2 Nxe4 20. Rd1 $14 {1-0 Hebden,M-Howell,J/Plymouth 1992/CBM
30 ext (34)}) (10... h6 11. Nbd2 (11. e5 Nd5 12. Qe4 f5 13. exf6 Nxf6 (13...
Qxf6 14. Ne5 Qf5 15. Qe2 $16 {1-0 Fillion,S-Reddy,T/Montreal 1999/EXT 2001 (35)
}) 14. Qxa8 Qb6 15. Be4 Ne8 16. b4 {1-0 Kaunas,K-Bucinskas,V/Vilnius 1996/CBM
53 ext (16)}) 11... Bb7 12. e5 Nfd7 13. Ne4 Nc6 14. Bf4 Nb4 15. Bb1 Qe7 16. Bg3
Nd5 17. Bh4 g5 18. Nfxg5 hxg5 19. Bxg5 f6 20. Bh6 Nxe5 21. Nxc5 Qxc5 22. Rc1
Qb6 23. Bxf8 Rxf8 $17 {0-1 Vang Thi Thu,H-Tran Kim Loan/Thua Thien Hue 2000/
EXT 2004 (33)}) 11. Nbd2 (11. a4 b4 12. Nbd2 Nbd7 13. Nb3 Bb7 14. Rd1 Qb8 15.
Bg5 Ne5 16. Nxe5 Qxe5 17. f4 Qb8 18. Kh1 $36 {1/2-1/2 Xiu Deshun-Zhang
Pengxiang/Xiapu CHN 2005/(62)}) (11. Rd1 Qc7 12. Bg5 Bb7 13. Nbd2 Nc6 14. Rac1
Rfd8 15. e5 Nd5 16. Qe4 g6 17. Qh4 Ndb4 18. Ne4 h5 19. Nf6+ $2 (19. Nd6 $5)
19... Bxf6 20. Bxf6 Rxd3 {1/2-1/2 Langeweg,K-Knors,R/Ostende 1992/TD (25)} (
20... Nxd3 21. Rxd3 Rxd3 22. Qf4 Nd4 $1 $17)) 11... Bb7 12. a4 (12. e5 $5 Nfd7
(12... Nd5 13. Qe4 g6 14. Nb3 Nd7 15. Bh6 Re8 16. Qg4 $36) 13. Ne4 Nc6 14. Bf4
Nb4 15. Bb1 Nd5 16. Bg3 Rc8 $132) 12... bxa4 13. Rxa4 Nfd7 $1 {[%cal Yd7c5]}
14. e5 {White decides to transfer the Ra4 to g4 for attack.} ({Another option
for White was the development of an initiative on the queen's side} 14. Nb3 $5
Nc6 15. Be3 Nb4 16. Na5 Qb8 $14) 14... Nc5 15. Rd4 Bd5 16. Bb1 Nc6 17. Rg4 Rb8
(17... Qb8 18. Qe3 Nd7 19. Re1 $36) 18. Qe3 g6 (18... Kh8 19. Rg3 $40 {[%cal
Gg3h3]}) 19. Rg3 (19. Qh6 Qc7 20. Rg3 (20. Ng5 Bxg5 21. Rxg5 Nxe5 $17) (20. Re1
Nd7 21. Rg3 Rfd8 22. Bxg6 (22. h4 Ncxe5 $17) 22... fxg6 23. Rxg6+ $11) 20... f5
21. Rxg6+ $11 (21. exf6 Bxf6 $17)) 19... Re8 20. h4 Bxf3 $5 {Black neutralizes
the initiative of White by exchanges.} (20... Qc7 21. h5 Nd7 22. hxg6 hxg6 23.
Bxg6 (23. Re1 Rec8) 23... fxg6 24. Qh6 (24. Rxg6+ Kf7 25. Qh6 Rf8 26. Qh5 Ke8
27. Rxe6+ Kd8 28. Rh6 Ncxe5 $17) 24... Ndxe5 25. Rxg6+ $11) 21. Nxf3 Rb3 22.
Qe2 (22. Qh6 Bf8 23. Qf4 Rb4 $11) 22... Nd4 $1 23. Nxd4 Qxd4 24. Rg4 (24. Rd1
Qxh4 25. Rxb3 Nxb3 26. Be3 Bc5 $11) 24... Qd7 25. Bc2 (25. h5 Nd3 26. Ba2 (26.
Bh6 Qb5 $11) 26... Rb6 $11) (25. Rd1 $5 Qb5 26. Qc2 Rb4 27. Rxb4 Qxb4 28. h5
Qg4 29. hxg6 hxg6 30. Be3 $36) 25... Qb5 $1 $11 26. Qd2 (26. Qxb5 Rxb5 27. Rd1
Nb3 28. Bh6 Bf8 $11) (26. Re1 Qxe2 27. Rxe2 Rb5 $11) 26... Rd8 27. Qh6 Rb4 {
White has not enough possibilities for an attack and decides to give perpetual
check.} (27... Rxb2 28. Bxg6 $11 (28. Bxb2 Qxb2 $17)) 28. Bxg6 (28. Rxb4 Qxb4
29. h5 Nd3 $15) 28... fxg6 29. Rxg6+ hxg6 30. Qxg6+ Kh8 31. Qh5+ Kg8 32. Qg6+
1/2-1/2

[Event "Scandic Hotels CC"]
[Site "Stockholm"]
[Date "1999.07.31"]
[Round "1"]
[White "Engqvist, Thomas"]
[Black "Yakovich, Yuri"]
[Result "1/2-1/2"]
[WhiteElo "2340"]
[BlackElo "2592"]
[Annotator "Huzman,A"]
[PlyCount "75"]
[EventDate "1999.07.31"]
[EventType "tourn"]
[EventRounds "9"]
[EventCountry "SWE"]
[EventCategory "9"]
[SourceTitle "CBM 073"]
[Source "ChessBase"]
[SourceDate "1999.12.01"]
[SourceVersion "1"]
[SourceVersionDate "1999.12.01"]
[SourceQuality "1"]

1. d4 Nf6 2. Nf3 d5 3. c4 e6 4. Nc3 dxc4 5. e3 a6 6. Bxc4 b5 7. Be2 Bb7 8. O-O
Nbd7 9. b3 c5 $11 10. Bb2 Bd6 11. dxc5 Bxc5 (11... Nxc5 $6 12. b4 $1 Nce4 13.
Nxe4 Bxe4 14. a4 $36) 12. Nd2 $1 O-O 13. Bf3 Bxf3 14. Nxf3 $11 Qe7 15. Qe2 Rac8
$6 (15... Ba3 $11) 16. Rac1 (16. a4 $1 b4 (16... bxa4 17. Nxa4 (17. Rxa4 a5 18.
Na2 Bb6 19. Ba3 Bc5 $11) 17... Rb8 18. Qxa6 Rxb3 19. Bxf6 gxf6 (19... Qxf6 20.
Qc6 $18) (19... Nxf6 20. Qc4 $18) 20. Rad1 $14 {/+/-}) 17. Nb1 Rc6 (17... e5 $5
18. Qxa6 (18. Nbd2 e4 19. Nd4 Bxd4 (19... Ne5 20. Qxa6 Nd3 21. Nf5 Qe6 22. Qxe6
fxe6 23. Bxf6 exf5 24. Bh4) 20. Bxd4 Rc2 $132) (18. e4 Ba7 19. Nbd2 Rc2 20.
Rab1 Qd6 21. Rfc1 Rfc8 22. Ne1 Rxc1 23. Rxc1 Rxc1 24. Bxc1 Bd4 $11) 18... e4
19. Nd4 Bxd4 20. Bxd4 Rc2 21. a5 $16) 18. Nbd2 Nd5 19. Rac1 Rfc8 20. Nc4 $14)
16... Ba3 $1 $11 17. Rfd1 Nb6 18. Nd4 h6 (18... Bxb2 19. Qxb2 b4 $5 20. Nce2
Nbd5 {[%cal Yf6e4,Ye4c3,Yd5c3]}) 19. Nb1 Bxb2 20. Qxb2 Nfd5 21. Rxc8 Rxc8 22.
Rc1 Rc5 (22... Rxc1+ 23. Qxc1 e5 24. Nc6 Qd6 25. Nd2 $11) 23. Rxc5 Qxc5 24. Qc2
Qxc2 25. Nxc2 Kf8 26. Kf1 Ke7 27. e4 Nf6 28. f3 Kd6 29. Ke2 Nfd7 30. Kd3 Nc5+
31. Ke3 e5 32. Nc3 Nbd7 33. b4 Ne6 34. Nd5 Nc7 35. Nxc7 Kxc7 36. Kd3 Kd6 37.
Ne3 g6 38. Nd5 1/2-1/2

[Event "American Continental 2nd"]
[Site "Buenos Aires"]
[Date "2003.08.28"]
[Round "10"]
[White "Slipak, Sergio"]
[Black "Shulman, Yuri"]
[Result "0-1"]
[WhiteElo "2497"]
[BlackElo "2559"]
[Annotator "Huzman,A"]
[PlyCount "92"]
[EventDate "2003.08.17"]
[EventType "swiss"]
[EventRounds "11"]
[EventCountry "ARG"]
[SourceTitle "CBM 097"]
[Source "ChessBase"]
[SourceDate "2003.11.11"]
[SourceVersion "1"]
[SourceVersionDate "2003.11.11"]
[SourceQuality "1"]

1. d4 d5 2. c4 e6 3. Nf3 Nf6 4. Nc3 dxc4 5. e3 a6 6. Bxc4 b5 7. Be2 Bb7 8. O-O
Nbd7 9. b3 Bd6 (9... Rc8 10. Bb2 Bd6 11. a3 (11. g3 h6 12. Qb1 c5 13. Rc1 b4
14. Nd1 Be4 $19 {0-1 Dyck,L-Kluever,H/Bad Wildbad 1999/CBM 73 ext (56)}) 11...
O-O 12. b4 Qe7 13. Nb1 e5 14. dxe5 Nxe5 15. Nbd2 Rfd8 16. Qb1 Neg4 17. Bd4 Ne4
18. Nb3 Ng5 $40 {0-1 Brach,J-Treybal,F/Brno 1907/EXT 98 (43)}) 10. Bb2 O-O 11.
a4 (11. Rc1 $5 c5 (11... Qe7 12. Qc2 $11 {[%cal Gc2b1]}) 12. dxc5 Nxc5 13. b4
$11) 11... b4 12. Nb1 c5 13. Nbd2 Qe7 14. Nc4 Bc7 15. Nfe5 (15. Rc1 Rfd8 $15 {
[%csl Rd1]}) 15... cxd4 ({It is very not easy for White to find safe place for
Qd1.This is the main problem of the difficulties for the White in this game.In
this position Black could show it by} 15... Rfd8 $1 {[%cal Yd8d1]} 16. Qe1 (16.
Bf3 $2 Nxe5 17. Bxb7 Nxc4 18. bxc4 Bxh2+ $19) 16... cxd4 17. Bxd4 Nxe5 18. Nxe5
Nd5 $15) 16. Nxd7 Nxd7 17. Qxd4 e5 (17... Qg5 $5 18. e4 (18. Qg4 Qxg4 19. Bxg4
Nc5 $17) (18. g3 Rfd8 $15) 18... Rfd8 $36) 18. Qd2 a5 19. f3 Rfd8 20. Rad1 Rac8
21. e4 Ba6 22. Kh1 $6 (22. Ne3 $142 Nf6 23. Qe1 Rxd1 24. Qxd1 Rd8 25. Qc2 Bb6
26. Bxa6 Bxe3+ 27. Kh1 Qd6 $15) 22... Nb6 $17 23. Qe3 Bxc4 24. Bxc4 Nxc4 25.
bxc4 Rxd1 $6 (25... Qe8 $1 26. Rxd8 (26. Ra1 Qd7 $17) (26. Qb3 Bb6 27. Rd5 Qc6
$17) 26... Bxd8 27. Qb3 Bb6 $17) 26. Rxd1 Rd8 27. Rd5 $15 Rxd5 28. exd5 $2 (28.
cxd5 $1 Qe8 29. Qa7 $11) 28... Qd6 29. g3 ({White had an interesting but
probably not enough attempt for counterplay.} 29. f4 exf4 30. Qe8+ Qf8 31. Qd7
(31. Qxf8+ $2 Kxf8 32. c5 Bd8 33. Bd4 (33. c6 Bc7 {[%cal Yf8d6]} 34. Bd4 b3 $19
) 33... Bf6 34. c6 Ke8 35. Bc5 b3 36. d6 Be5 $1 $19) (31. Qc6 Qe7 32. Qa8+ Qd8
33. Qc6 h6 34. c5 Qe7 35. Bd4 b3 $1 36. d6 (36. Qb7 Qe4 37. Qxc7 Qxd4 38. Qc8+
Kh7 39. Qf5+ g6 40. Qxf7+ Qg7 $19) 36... Qe1+ 37. Bg1 b2 38. dxc7 b1=Q 39.
c8=Q+ Kh7 $19) 31... Bd6 32. Bd4 h6 33. Qc6 b3 34. Kg1 Qb8 $17) 29... h6 30.
Kg2 f6 31. Qa7 Kh7 (31... Bb6 32. Qa8+ Kh7 33. Qc8 $11) 32. Qb7 ({The best
chance to save the game for White was transition to the queens endgame were
pawn c5 gave them drawing chances.} 32. c5 $142 Qxd5 33. Qxc7 Qd2+ 34. Kh3 Qxb2
35. Qxa5 (35. Qd7 Qb1 36. c6 h5 37. Kg2 (37. c7 Qf1+ 38. Kh4 Kh6 39. Qxg7+ Kxg7
40. c8=Q Qxf3 $19) 37... Qc2+ 38. Kh3 Qc4 39. Kg2 b3 40. c7 Qe2+ 41. Kg1 b2 42.
Qf5+ g6 43. Qb1 Qe3+ 44. Kg2 Qc1 45. Qa2 Qc2+ 46. Kh3 b1=Q 47. Qxb1 Qxb1 48.
c8=Q Qf1+ 49. Kh4 Qg2 $19) 35... Qc3 $1 36. Qb5 Qxf3 37. c6 b3 38. c7 Qf5+ 39.
Kg2 Qc2+ 40. Kh3 Qxc7 41. Qxb3 $17) (32. Qa8 Qc5 $17) 32... Qc5 $19 33. Qc8
Qxc4 34. Qf5+ Kg8 35. Qe6+ Kf8 36. Qc8+ ({More difficult way to victory would
be for Black after} 36. Qd7 $1 Qe2+ 37. Kh3 Qf1+ 38. Kg4 h5+ $1 39. Kh4 (39.
Kxh5 Qxf3+ 40. Kh4 (40. Kg6 Qe4+ 41. Kh5 Kg8 $1 42. Qxc7 $140 g6+ 43. Kh6 Qe3+
44. Kxg6 Qg5#) 40... Bb6 41. Qd6+ Kf7 42. Qxb6 g5+ 43. Kh3 Qf1+ 44. Kg4 Qe2+
45. Kh3 g4+ 46. Kh4 Kg6 47. Qg1 Qxb2 $19) 39... Qxf3 40. Qc8+ Kf7 41. Qxc7+ Kg6
42. Qc8 (42. Kh3 Qf1+ 43. Kh4 Kh6 $19) (42. h3 Qe4+ 43. g4 Qe1#) 42... Qe2 $1
43. Kh3 Qxb2 44. Qe8+ Kg5 $19) 36... Kf7 37. Qd7+ Kg6 38. h4 Qc2+ 39. Kh3 Qf5+
40. Qxf5+ Kxf5 41. h5 e4 42. Kg2 e3 43. Kf1 Bxg3 44. Ke2 Be5 45. d6 Bxd6 46.
Kxe3 Be5 0-1

[Event "Dos Hermanas-B"]
[Site "Dos Hermanas"]
[Date "2001.04.26"]
[Round "8"]
[White "Cifuentes Parada, Roberto"]
[Black "Rivas Pastor, Manuel"]
[Result "1-0"]
[WhiteElo "2496"]
[BlackElo "2429"]
[Annotator "Huzman,A"]
[PlyCount "75"]
[EventDate "2001.04.19"]
[EventType "tourn"]
[EventRounds "9"]
[EventCountry "ESP"]
[EventCategory "9"]
[SourceTitle "CBM 083"]
[Source "ChessBase"]
[SourceDate "2001.07.05"]
[SourceVersion "1"]
[SourceVersionDate "2001.07.05"]
[SourceQuality "1"]

1. d4 d5 2. c4 dxc4 3. e3 Nf6 4. Bxc4 e6 5. Nf3 c5 6. O-O a6 7. dxc5 Bxc5 8.
Qe2 b5 9. Bd3 Nbd7 10. a4 b4 11. e4 Bb7 12. Nbd2 Be7 13. Nb3 (13. e5 Nd5 14.
Ne4 Qb8 $1 15. Ng3 h5 $6 (15... Nc5 16. Bc4 Nb6 $11) 16. h4 $14 {1-0 Malich,
B-Fischer,I/Leipzig 1977/Inf 24/[Malich,B] (32)}) 13... O-O (13... Nc5 14. Nxc5
Bxc5 15. a5 (15. Bf4 Qe7 16. Rac1 Nd7 17. e5 h6 18. Be4 Bxe4 19. Qxe4 O-O 20.
a5 Rfc8 21. Nd2 Rab8 22. Nb3 Nf8 23. Qe2 Ng6 24. Bg3 Rb5 25. Rc4 $16 {1-0
Makarov,M-Karpatchev,A/Elista RUS 2001/The Week in Chess 339 (42)}) 15... Nd7
16. Rd1 e5 17. Bc4 Qc7 18. Bxf7+ {1-0 Diez del Corral,J-Durao,J/Skopje olm
1972/MCD-ol (18)}) (13... a5 14. Bf4 Nh5 15. Be3 O-O 16. Nfd2 Nhf6 17. f3 Ne5
18. Bb5 Qb8 19. Rfd1 Rc8 20. Rac1 Bc6 21. Bxc6 Rxc6 22. Rxc6 Nxc6 23. Nc4 $16 {
1-0 Malaniuk,V-Yakovich,Y/Kiev 1986/URS-ch (47)}) 14. Bf4 (14. Rd1 Qb8 15. Bg5
Rd8 16. Rac1 Ne5 17. Nxe5 Qxe5 18. Bh4 Rdc8 19. f3 Qh5 20. Bg3 Nd7 21. Rxc8+
Bxc8 22. e5 f5 23. Qc2 Qe8 24. Qc6 $16 {1-0 Lundin,E-Muffang,A/Warsaw ol 1935 
(36)}) 14... Nh5 15. Be3 Qb8 (15... Nhf6 $5 16. Bd4 (16. Nfd2 Ne5 $132) 16...
Bd6 17. Rac1 e5 18. Bc5 Nxc5 19. Nxc5 Bxc5 (19... Bc8 20. Rfd1 $36) 20. Rxc5
Qd6 21. Rxe5 Rfe8 22. Rxe8+ Rxe8 23. Rd1 Qc6 24. Nd4 Qxa4 $14) 16. Na5 $1 Nc5
17. Nxb7 (17. Bxc5 $5 Bxc5 (17... Nf4 $2 18. Qe3 Bxc5 19. Qxc5 Nxd3 20. Qe3
Nxb2 21. Rfb1 $18) 18. Nxb7 Qxb7 19. e5 $16 {[%csl Rh5]} Nf4 $140 20. Bxh7+
Kxh7 21. Qc2+ $16) 17... Nxd3 (17... Qxb7 18. e5 {-see game} (18. Bxc5 Bxc5 19.
e5 $16)) 18. Qxd3 Qxb7 19. e5 $14 {[%csl Rh5][%mdl 32]} Rac8 20. Rac1 g6 21.
Rxc8 Rxc8 22. h3 Ng7 (22... Rd8 $5 23. Qe2 Ng7 24. Rc1 Nf5 25. Bg5 $14) 23. Rd1
$1 {[%mdl 32]} Nf5 24. Bg5 $1 {[%mdl 32]} Bf8 (24... Rd8 25. Qxd8+ Bxd8 26.
Rxd8+ Kg7 27. Bf6+ Kh6 28. Rg8 $1 $18) 25. Qd7 Rc7 (25... Qxd7 26. Rxd7 h6 27.
Bd2 (27. Bf6 Rc1+ 28. Kh2 Rc2 $132) 27... Rc2 28. g4 Ng7 29. Rd8 Rxb2 30. Bxh6
Rc2 (30... b3 31. Bg5 Rb1+ 32. Kg2 b2 33. Be7 $1 Rg1+ 34. Kxg1 b1=Q+ 35. Kh2
$18) 31. Bg5 Rc7 32. Nd2 $1 $16 {[%cal Gd2f6] /+-}) 26. Qe8 $1 Rc8 (26... Ng7
$1 27. Qd8 Rc8 28. Qd3 $14) 27. Rd7 $1 Rxe8 28. Rxb7 $16 Ne7 (28... Rc8 29. g4
Ng7 30. Nd2 $16) 29. Rxb4 Nd5 30. Rb7 $18 Rc8 31. Kf1 Bb4 32. Bh6 Bf8 33. Bxf8
Rxf8 34. Ng5 Rc8 35. g3 Rc1+ 36. Kg2 Nc7 37. Rb8+ Kg7 38. Rc8 1-0

[Event "USA-ch Gr-B"]
[Site "Denver"]
[Date "1998.10.31"]
[Round "1"]
[White "Yermolinsky, Alex"]
[Black "Kaidanov, Gregory S"]
[Result "1/2-1/2"]
[WhiteElo "2625"]
[BlackElo "2625"]
[Annotator "Huzman,A"]
[PlyCount "75"]
[EventDate "1998.10.31"]
[EventType "tourn"]
[EventRounds "7"]
[EventCountry "USA"]
[EventCategory "13"]
[SourceTitle "CBM 068"]
[Source "ChessBase"]
[SourceDate "1999.02.01"]
[SourceVersion "1"]
[SourceVersionDate "1999.02.01"]
[SourceQuality "1"]

1. d4 {Hecht} d5 2. c4 dxc4 3. Nf3 Nf6 4. e3 e6 5. Bxc4 c5 6. Qe2 a6 7. dxc5
Bxc5 8. O-O b5 9. Bd3 Nc6 10. a3 Bd6 (10... Bb7 11. b4 Bd6 12. Bb2 Qb8 13. Nbd2
Ng4 14. h3 Nge5 15. Be4 O-O 16. Rac1 h6 17. Rfd1 Rc8 18. Nxe5 Bxe5 19. Nb3 $14
{1/2-1/2 Pelletier,Y-Van der Sterren,P/Winterthur 1996/CBM 55 (31)}) (10... Qc7
11. b4 Bd6 12. Bb2 Ng4 13. h3 Nge5 14. Nxe5 Bxe5 15. Rc1 Bxb2 16. Qxb2 Qe5 17.
Qxe5 Nxe5 18. Be4 Rb8 19. Nd2 O-O 20. f4 Nd7 21. Rc7 $16 {1-0 Spangenberg,
H-Gonzalez Garcia,J/Elista 1998/CBM 66 ext (47)}) 11. Nbd2 (11. Rd1 Bb7 12. b4
(12. Nc3 Qb8 13. Ne4 Be7 14. Bd2 O-O 15. Rac1 b4 16. Nxf6+ Bxf6 17. axb4 Nxb4
18. Bb1 a5 $11 {1/2-1/2 Portisch,L-Ehlvest,J/Reykjavik 1988/CBM 10 (22)}) 12...
Qc7 13. Bb2 Ne5 14. Bxe5 Bxe5 15. Nxe5 Qxe5 16. Nd2 O-O 17. Nb3 Nd5 18. Nc5 $14
{1-0 Malaniuk,V-Kupreichik,V/Sverdlovsk 1987/TD (34)}) (11. b4 Ne5 12. Nxe5
Bxe5 13. Ra2 O-O 14. Nd2 Bb7 15. Nf3 Bxf3 16. gxf3 Nd5 17. Bd2 Rc8 18. f4 Bc3
$11 {1/2-1/2 Yrjola,J-Vladimirov,E/Helsinki 1990/EXT 97 (48)}) 11... Bb7 12.
Ne4 (12. Nb3 O-O 13. Rd1 Qb8 14. h3 Rc8 15. e4 Ne5 16. Nxe5 Bxe5 17. Na5 Nd7
18. Be3 $36 {1-0 Hillarp Persson,T-Egin,V/Elista 1998/CBM 66 ext (54)}) 12...
Nxe4 (12... Be7 13. Bd2 O-O 14. Rac1 Qb6 15. Nxf6+ Bxf6 16. Bc3 Bxc3 17. Rxc3
$14 {1/2-1/2 Ruban,V-Yakovich,Y/Podolsk 1989/EXT 97 (33)}) 13. Bxe4 O-O 14. Rd1
(14. Qc2 $6 h6 15. Bxc6 Rc8 16. Nd4 Bxc6 17. Nxc6 Qb6 $17) 14... Qc7 15. Bd2 {
[%cal Ga1c1,Gc1c7,Ge4c6]} (15. Bxh7+ Kxh7 16. Ng5+ Kg6 $1 (16... Kh6 17. Qg4
Ne5 18. Qh4+ Kg6 19. Qh7+ Kf6 (19... Kxg5 20. Qxg7+ Ng6 21. Rxd6 $40) 20. Qh4
$13) 17. Qg4 (17. Qd3+ Kxg5 18. e4+ Kf6 $19) 17... f5 $1 $19) 15... f5 $1 16.
Bxc6 (16. Bb1 Ne5 $1 17. Nd4 Nc4 (17... Rf6 $5 {[%cal Yf6g6,Yg6g2]}) 18. Nxe6
Bxh2+ 19. Kh1 Qc6 $36) 16... Bxc6 17. Rac1 {[%cal Gf3d4,Gd4c6,Gc1c6]} Qb7 18.
Bb4 Bxb4 19. axb4 Rad8 {Black are trying to get an advantage but miss white's
reply.} (19... Bxf3 20. Qxf3 Qxf3 21. gxf3 Rfc8 22. Rc5 $11) 20. Rxd8 Rxd8 21.
Nd4 Bd5 (21... Bxg2 22. Nxe6 Bh3 23. f3 {[%csl Rh3]} Rc8 24. Rd1 (24. Rxc8+
Qxc8 25. Nf4 Qc1+ 26. Kf2 Qh1 27. Kg3 Bf1 $132) 24... Qe7 25. Nf4 Qg5+ 26. Kh1
$16) 22. f3 $14 {A control over the open 'c' file and the superiority of the
knight over the bishop in this kind of positions guarantees white an advantage.
Therefore, Black are trying to equalize the position with the help of tactics.}
Bc4 23. Qe1 f4 24. b3 fxe3 25. bxc4 (25. Qxe3 $5 Qd5 (25... Bd5 26. Qe5 Rc8 27.
Rc5 $36) 26. bxc4 Qxd4 27. Qxd4 Rxd4 28. c5 Kf7 (28... Rd7 29. Kf2 Kf7 30. Ke3
$16) 29. c6 Rd8 30. c7 (30. Ra1 Rd4 $11) 30... Rc8 31. Rc6 Ke7 32. Rxa6 Rxc7
33. Rb6 Rc2 34. Rxb5 Rb2 $14 {/+/-}) 25... Rxd4 26. Qxe3 Qd7 27. c5 Rc4 $1 {
By this move black neutralizes white's advantage.} (27... Rxb4 $2 28. c6 Qc8
29. c7 Rc4 30. Rxc4 bxc4 31. Qb6 $18) 28. h3 Qd5 29. Kh1 Kf7 30. Qe1 Qg5 $1 31.
Rxc4 bxc4 $11 32. Qa1 {Hecht: 'Die Stellung ist im Gleichgewicht, da sich die
c-Freibauern neutralisieren.'} (32. c6 {Hecht} Qd5 (32... Ke7 33. c7 Kd7 34.
c8=Q+ Kxc8 35. Qxe6+ Kb7 36. Qxc4 $16) 33. c7 Qc6 34. Qe5 c3 35. Qc5 Qxc5 36.
bxc5 c2 37. c8=Q c1=Q+ 38. Kh2 Qf4+ $11) 32... Qd2 {[%cal Yc4c1]} 33. c6 Ke8
34. Qxa6 Qc1+ 35. Kh2 Qf4+ 36. Kh1 Qc1+ 37. Kh2 Qf4+ 38. Kh1 1/2-1/2